| 000 | 00448nam a22001697a 4500 | ||
|---|---|---|---|
| 003 | SISC | ||
| 005 | 20160321151033.0 | ||
| 008 | 130903t xxu||||| |||| 00| 0 eng d | ||
| 020 | _a9781854343765 | ||
| 050 |
_aM 1570 _b.G865 1996 |
||
| 082 |
_aHS 780 _bG884 1996 |
||
| 245 |
_aConnections! Music _cCaroline Grimshaw. |
||
| 260 |
_aLondon: _btwo can publishing _cc1996. |
||
| 300 |
_a31 p. : _bill .; _c28 cm. |
||
| 942 |
_2lcc _cBK |
||
| 999 |
_c10314 _d10314 |
||